Kommunikáció és politika az állampolgárok - mediális és nem mediális változók /
Elmentve itt :
| Szerző: | |
|---|---|
| Dokumentumtípus: | Videó |
| Megjelent: |
2020-04-01
|
| Kulcsszavak: | kommunikáció politikai választók állampolgárok |
| Tárgyszavak: | |
| Online Access: | http://eta.bibl.u-szeged.hu/2783 |
| LEADER | 02131ngm a2200433 i 4500 | ||
|---|---|---|---|
| 001 | eta2783 | ||
| 005 | 20260305142734.0 | ||
| 008 | 200402s2020 hu o 000 hun d | ||
| 040 | |a SZTE Elektronikus Tananyag Archívum |b hun | ||
| 041 | |a hun | ||
| 100 | 1 | |a Merkovity Norbert | |
| 245 | 1 | 0 | |a Kommunikáció és politika |h [elektronikus dokumentum] : |b az állampolgárok - mediális és nem mediális változók / |c Merkovity Norbert |
| 260 | |c 2020-04-01 | ||
| 516 | |a Video | ||
| 650 | 4 | |a Társadalomtudományok | |
| 650 | 4 | |a Pszichológia | |
| 650 | 4 | |a Szakpszichológia (benne tanulási, beszéd, hallási, látási, egyéb fizikai vagy pszichológiai fogyatékosságok terápiája) | |
| 650 | 4 | |a Szociálpszichológia | |
| 650 | 4 | |a Kognitív tudomány | |
| 650 | 4 | |a Politikatudomány | |
| 650 | 4 | |a Társadalmak átalakulása, demokratizálódás, társadalmi mozgalmak | |
| 650 | 4 | |a Szervezetelmélet | |
| 650 | 4 | |a Politikai rendszerek és intézmények, kormányzás | |
| 650 | 4 | |a Tudományos kommunikáció | |
| 650 | 4 | |a Média és kommunikáció | |
| 650 | 4 | |a Média és szocio-kulturális kommunikáció | |
| 650 | 4 | |a Média és kommunikációs stratégiák, kampányok, tájékoztatási tevékenységek | |
| 650 | 4 | |a Tudományos kommunikáció | |
| 650 | 4 | |a Kampányok a viselkedés megváltoztatására | |
| 695 | |a kommunikáció | ||
| 695 | |a politikai | ||
| 695 | |a választók | ||
| 695 | |a állampolgárok | ||
| 856 | 4 | 0 | |u https://eta.bibl.u-szeged.hu/2783/1/CORONA_Editon%2002%20lecke%20-%20%C3%81llampolg%C3%A1rok%20-%20medi%C3%A1lis%20v%C3%A1ltoz%C3%B3k.mp4 |z Dokumentum-elérés |
| 856 | 4 | 0 | |u https://eta.bibl.u-szeged.hu/2783/2/CORONA_Editon%2003%20lecke%20-%20%C3%81llampolg%C3%A1rok%20-%20nemmedi%C3%A1lis%20v%C3%A1ltoz%C3%B3k.mp4 |z Dokumentum-elérés |
| 856 | 4 | 0 | |u https://eta.bibl.u-szeged.hu/2783/3/felirat.vtt |z Dokumentum-elérés |
| 856 | 4 | 0 | |u https://eta.bibl.u-szeged.hu/2783/4/felirat.html |z Dokumentum-elérés |
| 856 | 4 | 0 | |u https://eta.bibl.u-szeged.hu/2783/5/felirat.vtt |z Dokumentum-elérés |
| 856 | 4 | 0 | |u https://eta.bibl.u-szeged.hu/2783/6/felirat.html |z Dokumentum-elérés |